000
00278nam a2200121Ia 4500
005
20251222154420.0
008
251222s9999||||xx |||||||||||||| ||spa||
020
_a
978-612-4034-52-7
082
_a
624.902.685/M61
245
0
_a
Norma Técnica:
264
_b
Macro
942
_c
LIB
999
_c
35999
_d
35999